| 000 | 00481nam a22001697a 4500 | ||
|---|---|---|---|
| 999 |
_c9065 _d9065 |
||
| 003 | OSt | ||
| 008 | 200715b ||||| |||| 00| 0 eng d | ||
| 020 | _a9387686027. | ||
| 082 | _a 004SHP | ||
| 100 | _a Shimpi,Gopal Bansilal and Usman ,Md. Rageeb Md. | ||
| 245 | _a Practical book of computer applications in pharmacy | ||
| 250 | _a2019 | ||
| 260 |
_aNew Delhi _bNirali |
||
| 300 | _aPg-66 | ||
| 650 | _aComputer Science or Computer Application in Pharmacy | ||
| 942 |
_2ddc _cBK _02 |
||